000 00496nam a2200169 i 4500
001 72800
003 ES-MaACL
005 20230906171548.0
007 t|
008 040903s1963 sp ||||1| spa d
100 1 _aGodin, Henri.
_957526
245 1 0 _aLevadura en la masa
_b: manual de vida cotidiana para nuestros días /
_cHenri Godin.
250 _a[4ª ed.].
260 _aBarcelona :
_bNova Terra,
_c[1963]
300 _a403 p., 12 lám. ;
_c20 cm.
852 _aES-MaACL
_jC-30994
_bR.61587
999 _c72800
_d72800